Marcha de las Escuelas Medias hacia la UNS.
Marcha del personal docente de las Escuelas Medias hacia la U.N.S. en señal de protesta ante la inminente sanción de la nueva ley de educación superior y la amenaza de recorte presupuestario.
Guardado en:
| Formato: | |
|---|---|
| Publicado: |
Bahía Blanca,
1995.
|
| Materias: | |
| Etiquetas: |
Agregar Etiqueta
Sin Etiquetas, Sea el primero en etiquetar este registro!
|
| LEADER | 00927ngm a22002415g 4500 | ||
|---|---|---|---|
| 001 | CEM.cems022124 | ||
| 008 | 130507s1995####ag############0###0#####d | ||
| 005 | 20241004171937.0 | ||
| 245 | 0 | 0 | |a Marcha de las Escuelas Medias hacia la UNS. |
| 260 | |a Bahía Blanca, |c 1995. | ||
| 300 | |a 33'. | ||
| 500 | |a En soporte VHS, consultar en ventanilla. | ||
| 538 | |a Soporte: VHS - Norma: Pal N - Color - Grabación DRD 1995 - Hitachi=3698. | ||
| 520 | |a Marcha del personal docente de las Escuelas Medias hacia la U.N.S. en señal de protesta ante la inminente sanción de la nueva ley de educación superior y la amenaza de recorte presupuestario. | ||
| 082 | 3 | 7 | |/ DRD-1 |
| 653 | |a ADEMUNS | ||
| 653 | |a ESCUELAS MEDIAS | ||
| 653 | |a UNS | ||
| 653 | |a LEY UNIVERSITARIA | ||
| 653 | |a MARCHA ESTUDIANTIL | ||
| 653 | |a EPUNS | ||
| 653 | |a NIVEL SECUNDARIO. | ||
| 859 | |a CEMS |b BIB. CEMS - Depto. Recursos Didacticos |h 370 |i DRD-1 |k DRD |p 767.12 |t Ej.1 | ||
